Prosecuting Polluters, Delivering Justice to Victims of Persistent Pollutants : A Comparative Study of Compensation Litigation in Europe and the United States (notice n° 1613811)
[ vue normale ]
| 000 -LEADER | |
|---|---|
| fixed length control field | 01547cam a2200157 4500500 |
| 005 - DATE AND TIME OF LATEST TRANSACTION | |
| control field | 20260111053650.0 |
| 041 ## - LANGUAGE CODE | |
| Language code of text/sound track or separate title | fre |
| 042 ## - AUTHENTICATION CODE | |
| Authentication code | dc |
| 100 10 - MAIN ENTRY--PERSONAL NAME | |
| Personal name | Gillot, Charline |
| Relator term | author |
| 245 00 - TITLE STATEMENT | |
| Title | Prosecuting Polluters, Delivering Justice to Victims of Persistent Pollutants : A Comparative Study of Compensation Litigation in Europe and the United States |
| 260 ## - PUBLICATION, DISTRIBUTION, ETC. | |
| Date of publication, distribution, etc. | 2025.<br/> |
| 500 ## - GENERAL NOTE | |
| General note | 26 |
| 520 ## - SUMMARY, ETC. | |
| Summary, etc. | In the early 2000s, the legal battle against companies producing and using per- and polyfluoroalkyl substances (PFAS) in the USA brought to light an unprecedented environmental and health scandal. However, the “forever pollution” problem became a political and legal concern in Europe only a few years ago. There is, to date, a significant delay in chemical regulation as a direct result of the industrials’ strategy to make PFAS science invisible and exclude the topic from the public debate. This article relies on a comparative study of industrial PFAS pollution litigation in Europe (Belgium, Italy, Netherlands, Sweden) and the United States. It highlights the plaintiffs’ difficulties in proving damage and causation before the courts. It proposes to discuss the similarities and contrasts of strategies to engage the polluters’ liability and implement the compensation for victims of everlasting but long-ignored pollution. |
| 786 0# - DATA SOURCE ENTRY | |
| Note | Écologie & politique | 71 | 2 | 2025-12-10 | p. 89-107 | 1166-3030 |
| 856 41 - ELECTRONIC LOCATION AND ACCESS | |
| Uniform Resource Identifier | <a href="https://shs.cairn.info/journal-ecologie-politique-2025-2-page-89?lang=en&redirect-ssocas=7080">https://shs.cairn.info/journal-ecologie-politique-2025-2-page-89?lang=en&redirect-ssocas=7080</a> |
Pas d'exemplaire disponible.




Réseaux sociaux